Southville International School and Colleges
Your cart is empty.
  • Cart
  • Lists
    Public lists Eva Luna New books Lux_list list_1
    Your lists Log in to create your own lists
  • Log in to your account
  • Your cookies
  • Search history
Southville International School and Colleges
  • Advanced search
  • Recent comments
  • Most popular
  • Libraries

Log in to your account

Log in with GOOGLE


If you do not have an external account, but do have a local account, you can still log in:

  1. Home
  2. MARC view: Childhood and adolescence /
Normal view MARC view ISBD view

Childhood and adolescence / (Record no. 20188)

[ view plain ]
MARC details
000 -LEADER
fixed length control field 00599nam a2200205 a 4500
005 - DATE AND TIME OF LATEST TRANSACTION
control field 20140310183213.0
008 - FIXED-LENGTH DATA ELEMENTS--GENERAL INFORMATION
fixed length control field 000524s19uu xx 00 eng d
020 ## - INTERNATIONAL STANDARD BOOK NUMBER
International Standard Book Number 0534136869
050 ## - LIBRARY OF CONGRESS CALL NUMBER
Classification number HQ 767.9
Item number .N5 1997
100 ## - MAIN ENTRY--PERSONAL NAME
Personal name Newman, Philip R.
245 ## - TITLE STATEMENT
Title Childhood and adolescence /
Statement of responsibility, etc Philip R. Newman, Barbara M. Newman.
260 ## - PUBLICATION, DISTRIBUTION, ETC. (IMPRINT)
Place of publication, distribution, etc USA :
Name of publisher, distributor, etc Cole Pub,
Date of publication, distribution, etc 1997.
300 ## - PHYSICAL DESCRIPTION
Extent 769 p. :
Other physical details col. ill. ;
Dimensions 26 cm.
500 ## - GENERAL NOTE
General note Includes bibliographical references and index.
521 ## - TARGET AUDIENCE NOTE
Target audience note
650 ## - SUBJECT ADDED ENTRY--TOPICAL TERM
Topical term or geographic name as entry element Child development
650 ## - SUBJECT ADDED ENTRY--TOPICAL TERM
Topical term or geographic name as entry element Adolescence
942 ## - ADDED ENTRY ELEMENTS (KOHA)
Koha item type Books
Source of classification or shelving scheme Library of Congress Classification
Call number prefix Foreign
Holdings
Withdrawn status Lost status Source of classification or shelving scheme Damaged status Home library Current library Shelving location Date acquired Cost, normal purchase price Total Checkouts Full call number Barcode Date last seen Copy number Price effective from Koha item type
    Library of Congress Classification   College Library College Library General Circulation Section 04/07/2010 3847.00   HQ 767.9 .N5 1997 C3370 05/15/2018 1 10/10/2013 Books

Childhood and adolescence /

APA

Newman P. R., . (1997). Childhood and adolescence. USA: Cole Pub.

Chicago

Newman Philip R, . 1997. Childhood and adolescence. USA: Cole Pub.

Harvard

Newman P. R., . (1997). Childhood and adolescence. USA: Cole Pub.

MLA

Newman Philip R, . Childhood and adolescence. USA: Cole Pub. 1997.

  • Place hold
  • Print
  • Cite
  • Add to your cart (remove)
  • Save record
    BIBTEX Dublin Core MARCXML MARC (non-Unicode/MARC-8) MARC (Unicode/UTF-8) MARC (Unicode/UTF-8, Standard) MODS (XML) RIS
  • More searches
    Search for this title in:
    Other Libraries (WorldCat) Other Databases (Google Scholar) Online Stores (Bookfinder.com) Open Library (openlibrary.org)

Exporting to Dublin Core...

SOUTHVILLE LIBRARY

Southville International School and Colleges Library

1281 Tropical Ave. Cor. Luxembourg St., BF Homes International, Las Pinas City

Tel. No. 8256374 / 252358 Loc. 117/146

Powered by Koha